| 000 | 00753nam a2200241 i 4500 | ||
|---|---|---|---|
| 001 | 19132 | ||
| 003 | ES-MaACL | ||
| 005 | 20250727033917.0 | ||
| 007 | t| | ||
| 008 | 020522s2001 sp ||||1| spa d | ||
| 020 | _a84-8306-451-0 | ||
| 080 | _a321.74 | ||
| 100 | 1 |
_aGarcía del Campo, Juan Pedro. _954506 |
|
| 245 | 1 | 0 |
_aConstruir lo común, construir comunismo / _cJuan Pedro García del Campo. |
| 250 | _a1ª ed. | ||
| 260 |
_aMadrid : _bDebate, _c2001. |
||
| 300 |
_a77 p. ; _c16 cm. |
||
| 490 | 1 |
_aContratiempos. Panfletos de pensamiento radical ; _v1 |
|
| 650 | 7 |
_aComunismo _2embne _911211 |
|
| 830 | 0 |
_aContratiempos. Panfletos de pensamiento radical ; _v1 _9180554 |
|
| 852 |
_aES-MaACL _jL-25532 _bR.130682 |
||
| 999 |
_c19132 _d19132 |
||